Hymn: God Will Take Care of You Quiz Stats

 Plays Quiz not verified by Sporcle

Support Sporcle.
Go Orange.
Score 0/124 Timer 07:00
0 Plays Today
Hint Answer % Correct
Verse oneGod
95.9%
Verse onewill
95.9%
Verse oneGod
95.9%
Verse onewill
95.9%
Verse twoGod
95.9%
Verse twowill
95.9%
Verse twoGod
95.9%
Verse twowill
95.9%
Verse threewill
95.9%
Verse threeGod
95.9%
Verse threewill
95.9%
Verse threewill
95.9%
Verse threeGod
95.9%
Verse threewill
95.9%
Verse fourthe
95.9%
Verse fourGod
95.9%
Verse fourwill
95.9%
Verse fourGod
95.9%
Verse fourwill
95.9%
ChorusGod
95.9%
Choruswill
95.9%
Chorusthe
95.9%
Choruswill
95.9%
ChorusGod
95.9%
Choruswill
95.9%
Verse onetake
93.9%
Verse onecare
93.9%
Verse oneof
93.9%
Verse oneyou;
93.9%
Verse oneof
93.9%
Verse onetake
93.9%
Verse onecare
93.9%
Verse oneof
93.9%
Verse oneyou.
93.9%
Verse twoof
93.9%
Verse twotake
93.9%
Verse twocare
93.9%
Verse twoof
93.9%
Verse twoyou;
93.9%
Verse twotake
93.9%
Verse twocare
93.9%
Verse twoof
93.9%
Hint Answer % Correct
Verse twoyou.
93.9%
Verse threeyou
93.9%
Verse threetake
93.9%
Verse threecare
93.9%
Verse threeof
93.9%
Verse threeyou;
93.9%
Verse threeyou
93.9%
Verse threetake
93.9%
Verse threecare
93.9%
Verse threeof
93.9%
Verse threeyou.
93.9%
Verse fourtake
93.9%
Verse fourcare
93.9%
Verse fourof
93.9%
Verse fouryou;
93.9%
Verse fourtake
93.9%
Verse fourcare
93.9%
Verse fourof
93.9%
Verse fouryou.
93.9%
Chorustake
93.9%
Choruscare
93.9%
Chorusof
93.9%
Chorusyou,
93.9%
Chorustake
93.9%
Choruscare
93.9%
Chorusof
93.9%
Chorusyou,
93.9%
Chorustake
93.9%
Choruscare
93.9%
Chorusof
93.9%
Chorusyou.
93.9%
Verse threeHe
79.6%
ChorusHe
79.6%
Verse threeAll
71.4%
Chorusevery
71.4%
Chorusday,
71.4%
Chorusall
71.4%
Chorusway;
71.4%
Verse twoThrough
69.4%
ChorusThrough
69.4%
Verse fourNo
65.3%
Verse oneBe
63.3%
Hint Answer % Correct
Verse threebe
63.3%
Verse fourbe
63.3%
Verse fourwhat
59.2%
Verse onenot
57.1%
Chorusover
57.1%
Verse oneHis
53.1%
Verse fourHis
53.1%
Verse twoyour
51%
Verse onedismayed
49%
Verse onelove
49%
Verse onewhate'er
44.9%
Verse threeneed
44.9%
Verse fourmatter
44.9%
Verse onebetide,
42.9%
Verse oneBeneath
42.9%
Verse twowhen
42.9%
Verse twoWhen
42.9%
Verse oneabide,
40.8%
Verse onewings
38.8%
Verse threemay
38.8%
Verse threeprovide,
38.8%
Verse fourmay
38.8%
Verse twodays
36.7%
Verse twoheart
28.6%
Verse fourone,
28.6%
Verse twotoil
26.5%
Verse twodoth
26.5%
Verse twopath
26.5%
Verse threeNothing
26.5%
Verse fourtest,
26.5%
Verse fourLean,
26.5%
Verse fourupon
26.5%
Verse twofail,
24.5%
Verse fourweary
24.5%
Verse fourbreast,
24.5%
Verse twodangers
22.4%
Verse twoassail,
22.4%
Verse threeask
22.4%
Verse threedenied,
22.4%
Verse twofierce
20.4%

You're not logged in!

Compare scores with friends on all Sporcle quizzes.
OR
Log In

From the Vault

Dead or Alive: TV Edition

by Hejman

Well, if a Game of Thrones character made this quiz the answer might be pretty obvious.
Remove Ads.
Support Sporcle.
Get the best of Sporcle when you Go Orange. This ad-free experience offers more features, more stats, and more fun while also helping to support Sporcle. Thank you for becoming a member.

Show Comments

Extras

Top Quizzes Today


Score Distribution

Your Account Isn't Verified!

In order to create a playlist on Sporcle, you need to verify the email address you used during registration. Go to your Sporcle Settings to finish the process.

Report this User

Report this user for behavior that violates our Community Guidelines.

Details: